Ancestries of Hawaii Quiz Stats

 Plays Quiz not verified by Sporcle

Challenge
Share
Tweet
Embed
Score 0/16 Timer 04:00
0 Plays Today
Percentage Ethnic Group % Correct
12.6%Japanese
96.7%
4.1%Chinese
96.4%
9.0%Hawaiian
89.1%
7.4%German
85.5%
3.1%Korean
84.1%
4.6%English
81.5%
13.6%Filipino
81.2%
5.2%Irish
77.2%
Percentage Ethnic Group % Correct
1.7%French
73.9%
2.9%Mexican
71.7%
2.7%Italian
68.8%
4.3%Portuguese
56.2%
1.2%Scottish
55.1%
1.3%Samoan
54%
2.4%African
52.2%
2.8%Puerto Rican
25.7%

You're not logged in!

Compare scores with friends on all Sporcle quizzes.
OR
Log In

You Might Also Like...

Show Comments

Extras

Top Quizzes Today


Score Distribution

Your Account Isn't Verified!

In order to create a playlist on Sporcle, you need to verify the email address you used during registration. Go to your Sporcle Settings to finish the process.

Report this User

Report this user for behavior that violates our Community Guidelines.

Details: